ბათუმის შოთა რუსთაველის სახელმწიფო უნივერსიტეტის ბიბლიოთეკა

Handbook of neurosurgery / (ბიბ.ჩანაწერი № 57488)

000 -LEADER
fixed length control field 00852cam a22002898i 4500
001 - CONTROL NUMBER
control field 18920681
005 - DATE AND TIME OF LATEST TRANSACTION
control field 20221107105157.0
008 - FIXED-LENGTH DATA ELEMENTS--GENERAL INFORMATION
fixed length control field 151228s2016 nyu bf 001 0 eng
020 ## - INTERNATIONAL STANDARD BOOK NUMBER
International Standard Book Number 9781626232419 1
020 ## - INTERNATIONAL STANDARD BOOK NUMBER
Canceled/invalid ISBN 9781626232426 (e-book) 1
020 ## - INTERNATIONAL STANDARD BOOK NUMBER
Canceled/invalid ISBN 9781626232419 1
041 ## - LANGUAGE CODE
Language code of text/sound track or separate title eng
042 ## - AUTHENTICATION CODE
Authentication code pcc
080 ## - UNIVERSAL DECIMAL CLASSIFICATION NUMBER
Universal Decimal Classification number 616.8(075.8) G-80
100 1# - MAIN ENTRY--PERSONAL NAME
Personal name Greenberg, Mark S.,
Titles and words associated with a name M.D.,
Relator term author.
9 (RLIN) 8818
245 10 - TITLE STATEMENT
Title Handbook of neurosurgery /
Statement of responsibility, etc. Mark S. Greenberg.
250 ## - EDITION STATEMENT
Edition statement Eighth edition.
263 ## - PROJECTED PUBLICATION DATE
Projected publication date 1603
264 #1 - PRODUCTION, PUBLICATION, DISTRIBUTION, MANUFACTURE, AND COPYRIGHT NOTICE
Place of production, publication, distribution, manufacture New York :
Name of producer, publisher, distributor, manufacturer Thieme,
Date of production, publication, distribution, manufacture, or copyright notice [2016]
300 ## - PHYSICAL DESCRIPTION
Extent p. ;
Dimensions cm.
338 ## - CARRIER TYPE
Carrier type term volume
Source rdacarrier
650 22 - SUBJECT ADDED ENTRY--TOPICAL TERM
Topical term or geographic name entry element Neurosurgical Procedures
9 (RLIN) 8761
653 ## - INDEX TERM--UNCONTROLLED
keyword ნეიროქირურგია
653 ## - INDEX TERM--UNCONTROLLED
keyword მედიცინა
906 ## - LOCAL DATA ELEMENT F, LDF (RLIN)
a 7
b rix
c orignew
d 1
e ecip
f 20
g y-gencatlg
942 ## - ADDED ENTRY ELEMENTS (KOHA)
Source of classification or shelving scheme
Koha item type წიგნი
ეგზემპლარები
Withdrawn status Lost status Source of classification or shelving scheme Damaged status Not for loan Permanent Location Current Location Shelving location Date acquired Cost, normal purchase price Full call number Barcode Date last seen Copy number Price effective from Koha item type Public note
          ბათუმის შოთა რუსთაველის სახელმწიფო უნივერსიტეტის მთავარი ბიბლიოთეკა ბათუმის შოთა რუსთაველის სახელმწიფო უნივერსიტეტის მთავარი ბიბლიოთეკა წიგნსაცავი 2020-06-25 303.00 616.8(075.8) G-80 60686 2020-06-25 60686 2020-06-25 წიგნი 303 ლ.